Nouvelle-Calédonie - Choix multiples - Statistiques

Statistiques générales
  • Ce quiz a été pris 44 fois
  • Le résultat moyen est 8 sur 10
Statistiques - réponses
Question Réponse % Correct
Quelle langue est principalement utilisée en Nouvelle-Calédonie ? Français
97%
Quelle est la capitale de la Nouvelle-Calédonie ? Nouméa
97%
La Nouvelle-Calédonie se situe dans quel océan ? Pacifique
97%
Quelle ressource naturelle est très importante pour l’économie du territoire ? Nickel
92%
Quelle est la monnaie utilisée en Nouvelle-Calédonie ? Francs Pacifique ₣
90%
Quelle est l’île principale de la Nouvelle-Calédonie ? Grande Terre
90%
La Nouvelle-Calédonie est composée de combien de provinces ? 3
87%
Lequel est un lieu emblématique de Nouvelle-Calédonie ?
77%
Quel est le code téléphonique international de la Nouvelle-Calédonie ? +687
77%
Quel est le statut de la Nouvelle-Calédonie ? POM : Pays d'outre mer
23%
Aucun quiz correspondant
Distribution des résultats
% des personnes avec chaque résultat
Percentile par nombre de réponses
Votre historique - résultats
Vous n’avez pas pris ce quiz